Decades of Teen Idols Quiz Stats

 Plays Quiz Updated Feb 4, 2013

Challenge
Share
Tweet
Score 0/35 Timer 10:00
2 Plays Today
Row Teen Idol % Correct
4Elvis Presley
95.4%
3Justin Bieber
94.2%
5Will Smith
93.8%
1Michael Jackson
91.2%
3John Travolta
89.2%
4Leonardo DiCaprio
88.8%
5Tom Cruise
88.8%
4Justin Timberlake
83.7%
1Usher
81.7%
1Paul McCartney
80.5%
1James Dean
77.8%
1Mario Lopez
65%
3Zac Efron
64.4%
5Johnny Depp
63.5%
5John Stamos
58.2%
4Henry Winkler
57.5%
2Chris Brown
55.4%
2Joe Jonas
53.7%
Row Teen Idol % Correct
3Frank Sinatra
51.6%
5Scott Baio
46.2%
4Kirk Cameron
41.1%
4Nick Carter
40.7%
3Davy Jones
40.5%
2David Cassidy
38%
1Donny Osmond
37.4%
5Luke Perry
36%
2Andy Gibb
33.9%
2Jason Priestley
29.2%
3Leif Garrett
25.5%
3Ricky Nelson
19.7%
2Frankie Avalon
18.6%
1Willie Aames
16.6%
4Parker Stevenson
14.6%
5Bobby Sherman
10.5%
2Fabian
7.6%

You're not logged in!

Compare scores with friends on all Sporcle quizzes.
Join for Free
OR
Log In

You Might Also Like...

Show Comments

Extras

Top Quizzes Today


Score Distribution

Your Account Isn't Verified!

In order to create a playlist on Sporcle, you need to verify the email address you used during registration. Go to your Sporcle Settings to finish the process.

Report this User

Report this user for behavior that violates our Community Guidelines.

Details: